000 nam a22 7a 4500
999 _c331054
_d331054
003 NUST
005 20170830104800.0
008 170830b xxu||||| |||| 00| 0 eng d
040 _c0
082 _a158.3
245 _aAssessment in counselling : theory, process and decision-making
260 _aNew York
_bPalgrave Macmillan
_c2004
300 _a232p
942 _2ddc
_cBK